| 000 | 01338nam a2200265 a 4500 | ||
|---|---|---|---|
| 001 | 000022292 | ||
| 005 | 20260420170825.0 | ||
| 008 | 100922s1995 dr a r 000 0 spa d | ||
| 040 |
_aDO-SdBNP _bspa _cBNPHU |
||
| 082 |
_a301 _bM385n |
||
| 100 | 1 |
_aMartínez Almanzar, Juan Francisco _d1950 - _910459 |
|
| 245 | 1 | 0 |
_aNociones de sociología / _cJuan Francisco Martínez Almanzar. |
| 260 |
_aSanto Domingo : _bCAIS, _c1995. |
||
| 300 |
_a181 p. : _bil. ; _c21 cm. |
||
| 500 | _aIncluye datos biográficos del autor en la contracubierta | ||
| 504 | _aBibliografías : 179-181 | ||
| 505 | 0 | _aCiencia y conocimiento - La sociedad - La sociología - La cultura y las pautas culturales - Los grupos sociales - La religión - El comportamiento colectivo - La familia, el matrimonio y el divorcio - Sociología jurídica - Los procesos electorales y las farsas - Actividades - Trabajo de investigación - Datos sobresalientes de presidentes dominicanos - Referencias bibliográficas por capítulos. | |
| 590 | _aInventariado, 2018/VM | ||
| 650 | 0 |
_aSociología _91061 |
|
| 650 | 0 |
_aCiencias sociales _91065 |
|
| 650 | 0 |
_a Ciencia - _xMetodología _93 |
|
| 650 | 0 |
_aJurisprudencia sociológica _94071 |
|
| 710 | 1 | 0 |
_aCentro de Adiestramiento e Investigación Social (República Dominicana) _946052 |
| 910 | _aValidado. Control de calidad. MFF | ||
| 999 |
_c21790 _d21790 |
||